000 00490nam a2200169Ia 4500
999 _c26810
_d26810
003 OSt
005 20210104103034.0
008 190216s9999||||xx |||||||||||||| ||und||
040 _coclc
082 _a894.8121
_bWAR/K
100 _aWarrier, N V Krishna
_97721
245 0 _aKavya Kauthukam /
_cN V Krishna Warrier
260 _bPoorna Publications,
_c1986.
_aCalicut:
300 _a70p
650 _aKavithkal
942 _cBK
_2ddc
_h894.8121
_iWAR/K
_k894.8121
_mWAR/K